00326nam a2200121Ia 4500008004100000020001400041050001500055100002300070245003500093260003900128300002400167650001300191150202s9999 xx 000 0 und d a446547574 aFIC bFIC  aSparks, Nicholas.  aSafe haven /cNicholas Sparks. aNew York :bHachette Books,c2010. a405 pages :c17 cm. aFiction.